1395 1268 1371 1824 1863 1077 1185 1967 1819 1226 1961 1575 1475 1792 1604 1261 1208 1722 1728 1835 1328 1726 1912 1377 1818 1206 1152 1947 1399 1322 1650 1002 1113 1437 1270 1432 1183 1111 1852 1825 1091 1446 1813 1872 1130 1215 1778 1638 1943 1732 1347 1812 1322 1625 1412 1843 1482 1748 1681 1507 1814 1591 1940 1482 1304 1095 1378 1181 1831 1876 1256 1746 1006 1033 1113 1498 1262 1519 1318 1084 1215 1273 1086 1295 1260 1159 1889 1254 1398 1583 1828 1439 1170 1291 1959 1110 1555 1768 1838 BCNSPRNW ULIB Ver.6.0+V

เปลี่ยนเป็นภาษาไทย

Change to English
 แสดงรายละเอียดบรรณานุกรม
  กลับหน้าหลัก

Brief Record : Get Marc (ISO 2709) : E-mail record : QR code < ปิดหน้าต่าง
LEADER : 00000nam 2200000uu 4500
001    13399112567
003     ULIB
008    110825s2543||||th 000 0 tha d
050 04 HQ769^bป754ร 2543
100 0  ปัญญานันทะภิกขุ
245 10 รักลูกให้ถูกทาง /^cภิกขุปัญญานันทะมุนี
260    นนทบุรี :^bกองทุนปัญญานันทธรรม,^c[2543]
300    250 หน้า :^bภาพประกอบ
650  7 เด็ก^xการดูแล
650  7 จิตวิทยาเด็ก
650  7 ธรรมะ
710 20 กองทุนปัญญานันทธรรม
945    ^p0^l0^i012497
995    ทศพร
999 ^a ใช้งานได้ทุกระบบ
รายการนี้ยังไม่มีแท็ก
คุณยังไม่ได้ล็อกอิน คุณสามารถมีกิจกรรมร่วมกับเว็บไซต์ได้ แต่ต้องล็อกอินก่อน ::
  ล็อกอิน

รายการสื่อสารสนเทศ

ลำดับที่ ประเภท เลขเรียก/บาร์โค้ด สถานที่ สถานะ
- ไม่พบข้อมูล -

รายการใกล้เคียง
    หัวเรื่อง [เด็ก การดูแล]
    หัวเรื่อง [จิตวิทยาเด็ก]
    หัวเรื่อง [ธรรมะ]

BibComment


ยังไม่เคยถูกคอมเมนท์

คอมเมนท์ทรัพยากรรายการนี้
  คอมเมนท์: รักลูกให้ถูกทาง ..


 Copyright 2026. Bcnsprnw @Library